00673cam a22002051 450000100060000000300080000600500170001400800390003103500190007003500180008904000290010704100130013608200200014910000250016924501100019426000590030430000330036350400320039665000390042834863BD-RjUL20211209052225.0720316t19641941nyuj b 000 0 eng a(BD-RjUL)34957 a(OCoLC)265176 aDLCcODaWUdBD-RjULbeng1 aenghlat a177.6bCAA 19641 aCapellanus, Andreas.14aThe art of courtly love /cby Andreas Capellanus. With introd., translation, and notes by John Jay Parry. aNew York :bF. Ungar Pub. Co.,cc1941 [Printing 1964]. axi, 218 p. :bill. ;c24 cm. aBibliography: p. [213]-218. 0aCourtly lovevEarly works to 1800.